[Event "Mechanics' Fall TNM; G/2 d5"]
[Site "San Francisco"]
[Date "2017.12.12"]
[Round "8.37"]
[White "Eastham, Asher"]
[Black "Baer, Michael Alan"]
[Result "1-0"]
[WhiteElo "1657"]
[BlackElo "1416"]
[PlyCount "59"]
[EventDate "2017.??.??"]

1. e4 g6 2. d4 Bg7 3. Be3 d6 4. Nf3 Nf6 5. Nc3 O-O 6. Bc4 Nxe4 7. Nxe4 d5 8.
Bxd5 Qxd5 9. Nc3 Qd8 10. Qd2 Re8 11. O-O-O Nd7 12. h4 h5 13. Ng5 Nf6 14. f3 Bf5
15. Rhg1 Qc8 16. Qe2 Bd7 17. Qc4 Rf8 18. Rde1 a6 19. Bf4 e6 20. g4 b5 21. Qxc7
Qxc7 22. Bxc7 Rac8 23. Bd6 Rfe8 24. Kb1 a5 25. Be5 b4 26. Nce4 Nxe4 27. Nxe4
Rc6 28. gxh5 f5 29. Rxg6 fxe4 30. Rxg7+ 1-0

[Event "Mechanics' Summer TNM; G/2 d5"]
[Site "San Francisco"]
[Date "2017.06.20"]
[Round "5.41"]
[White "Eastham, Asher"]
[Black "Boldi, Nicholas"]
[Result "1/2-1/2"]
[WhiteElo "1582"]
[BlackElo "1115"]
[PlyCount "195"]
[EventDate "2017.??.??"]

1. e4 e6 2. d4 d5 3. Nd2 c5 4. c3 Nc6 5. Ngf3 Qb6 6. exd5 exd5 7. Nb3 c4 8.
Nbd2 Be7 9. Be2 Nf6 10. O-O Qd8 11. Re1 O-O 12. Nf1 Bd6 13. Bg5 Re8 14. Ne3 Be7
15. Qc2 Be6 16. Rad1 b5 17. Ne5 Rc8 18. Bf3 Qd6 19. Bf4 Qd8 20. Nf5 Bf8 21. Bg5
Bxf5 22. Qxf5 Re6 23. Ng4 Rxe1+ 24. Rxe1 Ne7 25. Nxf6+ gxf6 26. Qxf6 Rc6 27.
Qf4 Ng6 28. Bxd8 Nxf4 29. Kf1 Nd3 30. Re2 Ra6 31. a3 Rh6 32. Bg5 Rd6 33. g3 Rg6
34. h4 Rd6 35. Be7 Bxe7 36. Rxe7 Nxb2 37. Rxa7 Na4 38. Bh5 Rf6 39. f4 Nxc3 40.
Bf3 Rg6 41. g4 Re6 42. Kf2 Ne4+ 43. Kf1 Nd2+ 44. Kf2 Nxf3 45. Kxf3 Re4 46. Rb7
Rxd4 47. Rxb5 c3 48. Ke3 Rc4 49. Rb1 c2 50. Rc1 Re4+ 51. Kd3 Rxf4 52. Rxc2 Rxg4
53. h5 Rg3+ 54. Kd4 Rxa3 55. Rc5 Ra4+ 56. Kxd5 Rh4 57. Kd6 Kg7 58. Rf5 Kh6 59.
Rxf7 Rxh5 60. Ke6 Rg5 61. Rf5 Rg6+ 62. Kf7 Rg5 63. Kf6 Rg6+ 64. Kf7 Rg7+ 65.
Kf6 Ra7 66. Rf1 Ra6+ 67. Kf5 Ra5+ 68. Kf6 Ra6+ 69. Kf5 Ra8 70. Rh1+ Kg7 71.
Rg1+ Kh8 72. Rh1 Rf8+ 73. Ke6 Rg8 74. Kf5 Rg6 75. Rh5 Rg1 76. Kf6 Rf1+ 77. Ke7
Kg7 78. Rh2 Rg1 79. Ke6 Kg6 80. Ra2 Re1+ 81. Kd5 h5 82. Ra4 Kg5 83. Rb4 h4 84.
Rb8 Rd1+ 85. Ke4 Ra1 86. Rg8+ Kf6 87. Rh8 Ra4+ 88. Kf3 Kg5 89. Rg8+ Kh6 90.
Rh8+ Kg7 91. Rh5 Kf6 92. Kg2 Kg6 93. Rh8 Kg5 94. Rg8+ Kf5 95. Rh8 Kg5 96. Rg8+
Kf5 97. Rh8 Ra1 98. Rxh4 1/2-1/2

[Event "Mechanics' Peter Grey TNM; G/2 d5"]
[Site "San Francisco"]
[Date "2017.09.12"]
[Round "6.23"]
[White "Eastham, Asher"]
[Black "Drane, Robert"]
[Result "0-1"]
[WhiteElo "1627"]
[BlackElo "1817"]
[PlyCount "42"]
[EventDate "2017.??.??"]

1. e4 Nf6 2. e5 Nd5 3. d4 d6 4. c4 Nb6 5. Nf3 g6 6. Nc3 Bg7 7. Be2 Nc6 8. exd6
cxd6 9. Be3 O-O 10. Qd2 Re8 11. O-O Bg4 12. b3 d5 13. cxd5 Nxd5 14. Nxd5 Qxd5
15. h3 Bf5 16. Bc4 Qa5 17. Rad1 Rad8 18. d5 Bc3 19. Qe2 Nb4 20. g4 Be4 21. Bb5
Bxf3 0-1

[Event "Mechanics' Summer TNM; G/2 d5"]
[Site "San Francisco"]
[Date "2017.05.23"]
[Round "1.6"]
[White "Eastham, Asher"]
[Black "Fuentes, Romulo C"]
[Result "0-1"]
[WhiteElo "1582"]
[BlackElo "2206"]
[PlyCount "34"]
[EventDate "2017.??.??"]

1. e4 c5 2. Nf3 d6 3. d4 cxd4 4. Nxd4 Nf6 5. Nc3 a6 6. Be2 e5 7. Nb3 Be6 8. O-O
Nbd7 9. Be3 b5 10. f4 Rc8 11. fxe5 dxe5 12. Bg5 Be7 13. Qd2 b4 14. Nd5 Nxe4 15.
Bxe7 Nxd2 16. Bxd8 Nxf1 17. Rxf1 Bxd5 0-1

[Event "Mechanics' Summer TNM; G/2 d5"]
[Site "San Francisco"]
[Date "2017.07.11"]
[Round "7.33"]
[White "Eastham, Asher"]
[Black "James, Charles"]
[Result "1-0"]
[WhiteElo "1582"]
[BlackElo "1417"]
[PlyCount "73"]
[EventDate "2017.??.??"]

1. e4 c5 2. Nf3 d6 3. d4 Nf6 4. Nc3 cxd4 5. Nxd4 a6 6. Be2 e5 7. Nf3 Be7 8. Bg5
Be6 9. O-O O-O 10. Qd2 b5 11. a3 Nbd7 12. Rad1 Nb6 13. Rfe1 Rc8 14. Qc1 Qc7 15.
Bf1 Rfd8 16. Nh4 d5 17. exd5 Nbxd5 18. Nxd5 Rxd5 19. Bd3 Qd6 20. Nf5 Bxf5 21.
Bxf5 Rd8 22. Rxd5 Qxd5 23. Bd3 Re8 24. Qe3 Bc5 25. Qg3 Nh5 26. Qh4 g6 27. g4
Ng7 28. Bh6 Be7 29. Qg3 Bd6 30. Qe3 f5 31. gxf5 e4 32. Bxe4 Qe5 33. Qg3 Qxg3+
34. hxg3 Kh8 35. fxg6 hxg6 36. Kf1 Nh5 37. Bxg6 1-0

[Event "Mechanics' Spring TNM; G/2"]
[Site "San Francisco"]
[Date "2017.04.11"]
[Round "5.10"]
[White "Eastham, Asher"]
[Black "Kim, Isaiah"]
[Result "0-1"]
[WhiteElo "1566"]
[BlackElo "2060"]
[PlyCount "58"]
[EventDate "2017.??.??"]

1. e4 c6 2. d4 d5 3. Nc3 dxe4 4. Nxe4 Bf5 5. Ng3 Bg6 6. Nf3 Nd7 7. h4 h6 8. h5
Bh7 9. Bd3 Bxd3 10. Qxd3 e6 11. Bf4 Qa5+ 12. c3 Ngf6 13. Ne5 Nxe5 14. Bxe5
O-O-O 15. Qe2 Nd5 16. O-O f6 17. c4 fxe5 18. cxd5 Rxd5 19. Qe1 Bb4 20. Qe3 Rxd4
21. a3 Bd2 22. Qf3 Qd5 23. Qf7 Rg4 24. Rad1 Rd8 25. b4 Rd7 26. Qg8+ Rd8 27. Qf7
Qd7 28. Qf3 Rf4 29. Qe2 Qd5 0-1

[Event "Mechanics' Spring TNM; G/2"]
[Site "San Francisco"]
[Date "2017.04.25"]
[Round "7.25"]
[White "Eastham, Asher"]
[Black "Robertson, Guy R"]
[Result "1-0"]
[WhiteElo "1566"]
[BlackElo "1463"]
[PlyCount "75"]
[EventDate "2017.??.??"]

1. e4 d6 2. d4 Nd7 3. Nf3 e5 4. Be3 Ngf6 5. Nc3 Be7 6. Bc4 O-O 7. O-O c6 8. Re1
b5 9. Bb3 b4 10. dxe5 dxe5 11. Nb1 Nxe4 12. Bxa7 Nxf2 13. Bxf2 Qc7 14. Nbd2 Kh8
15. Nc4 f6 16. Qe2 Ba6 17. Qd2 Rfd8 18. Qc1 c5 19. c3 Rac8 20. Qe3 Nf8 21. Rad1
Re8 22. Nfd2 Bb7 23. Ne4 f5 24. Ned6 Qc6 25. Qg3 f4 26. Qf3 Qxf3 27. gxf3 Bxf3
28. Nxc8 Rxc8 29. Rd2 e4 30. Bd1 bxc3 31. bxc3 Bxd1 32. Rexd1 e3 33. Nxe3 fxe3
34. Bxe3 Bf6 35. Rd5 Bxc3 36. Rd8 Rxd8 37. Rxd8 Kg8 38. Bxc5 1-0

[Event "Mechanics' Peter Grey TNM; G/2 d5"]
[Site "San Francisco"]
[Date "2017.09.26"]
[Round "8.27"]
[White "Eastham, Asher"]
[Black "Than, Maung Nyunt"]
[Result "1-0"]
[WhiteElo "1627"]
[BlackElo "1355"]
[PlyCount "123"]
[EventDate "2017.??.??"]

1. e4 c5 2. Nf3 g6 3. d4 cxd4 4. Nxd4 Bg7 5. Nc3 Nc6 6. Be3 d6 7. Qd2 Nf6 8. f3
O-O 9. Bc4 Na5 10. Be2 Nc6 11. O-O-O Re8 12. g4 Nxd4 13. Bxd4 Be6 14. Kb1 a6
15. h4 b5 16. g5 Nh5 17. Bxg7 Nxg7 18. f4 Qa5 19. h5 Rec8 20. Nd5 Qxd2 21. Rxd2
Ra7 22. hxg6 fxg6 23. Bf3 Rf8 24. Rdh2 Bxd5 25. exd5 Rxf4 26. Be2 e6 27. Rxh7
e5 28. c3 e4 29. Kc2 Rf5 30. Bg4 Rf2+ 31. Kc1 Rf1+ 32. Rxf1 Kxh7 33. Kd2 Re7
34. Ke3 Nf5+ 35. Bxf5 gxf5 36. Rxf5 Kg6 37. Rf6+ Kxg5 38. Rxd6 Re5 39. Rxa6
Rxd5 40. Re6 Kf5 41. Rxe4 Rd1 42. Rd4 Re1+ 43. Kd2 Re5 44. a3 Ke6 45. b3 Rg5
46. a4 Rg2+ 47. Kd3 Rg3+ 48. Kd2 Rg2+ 49. Kc1 bxa4 50. Rxa4 Kd5 51. Rd4+ Kc5
52. Rd2 Rg1+ 53. Kc2 Ra1 54. b4+ Kc6 55. Kb3 Rf1 56. Kc4 Rf5 57. Re2 Rf4+ 58.
Kd3 Kd5 59. Re3 Rg4 60. Rf3 Rg1 61. Rf5+ Kc6 62. Kc4 1-0

[Event "Mechanics' Spring TNM; G/2"]
[Site "San Francisco"]
[Date "2017.03.14"]
[Round "1.8"]
[White "Eastham, Asher"]
[Black "Tracy, Joseph J"]
[Result "0-1"]
[WhiteElo "1566"]
[BlackElo "2142"]
[PlyCount "118"]
[EventDate "2017.??.??"]

1. e4 e6 2. d4 d5 3. Nd2 Be7 4. Bd3 Nf6 5. e5 Nfd7 6. Ne2 c5 7. c3 Qb6 8. O-O
cxd4 9. cxd4 Nc6 10. Nf3 f5 11. exf6 Nxf6 12. Re1 O-O 13. a3 Bd7 14. Nf4 Nd8
15. Ne5 Be8 16. b3 Nf7 17. Nf3 Bd7 18. Bb2 Rae8 19. Rc1 Bd6 20. Ne2 Bb5 21. Bb1
a5 22. Nc3 Bd7 23. Rc2 Qxb3 24. Ba2 Qb6 25. Rce2 Nd8 26. Qd3 Bf4 27. Bc1 Bxc1
28. Rxc1 Nf7 29. Rce1 Nd6 30. Bb1 Nde4 31. Qe3 Nxc3 32. Qxc3 Rc8 33. Qd2 Rce8
34. Re3 Re7 35. Ng5 g6 36. Bc2 Qd6 37. h3 b6 38. Rb1 a4 39. Nf3 Rc8 40. Ne5 Be8
41. Rb4 b5 42. Bd3 Qb6 43. Bc2 Qc7 44. Rb2 Kg7 45. Nd3 Ne4 46. Qb4 Rf7 47. Qe1
Qc3 48. Rxe4 dxe4 49. Qxe4 Rf6 50. Ra2 Bc6 51. Qe2 Qxd4 52. Nb4 Bd5 53. Nxd5
Qxd5 54. Bd3 Rc1+ 55. Kh2 Rc5 56. Be4 Qe5+ 57. g3 Rc4 58. Bd3 Qxe2 59. Bxe2
Rxf2+ 0-1

[Event "Mechanics' Winter TNM; G/2"]
[Site "San Francisco"]
[Date "2017.01.24"]
[Round "4.20"]
[White "Eastham, Asher Dan"]
[Black "Boldi, Ethan"]
[Result "0-1"]
[WhiteElo "1566"]
[BlackElo "1850"]
[Annotator "Donaldson"]
[PlyCount "72"]
[EventDate "2017.??.??"]

1. e4 e6 2. d4 d5 3. Nd2 Nf6 4. e5 Nfd7 5. Bd3 c5 6. c3 Nc6 7. Ne2 Qb6 (7...
cxd4 8. cxd4 f6 9. exf6 Nxf6 10. Nf3 Bd6 11. O-O Qc7) 8. Nf3 cxd4 9. cxd4 Bb4+
(9... f6 10. exf6 Nxf6 11. O-O Bd6) 10. Bd2 Be7 11. Qc2 (11. Bc3 O-O 12. O-O)
11... Nf8 12. O-O Bd7 13. Be3 Rc8 14. Qb3 (14. Nc3) 14... Nb4 15. Bb1 Bb5 16.
Re1 Qa6 17. Nc3 Bc4 18. Qa4+ (18. Qd1) 18... Qxa4 19. Nxa4 b5 (19... Nd7) 20.
Nc5 Bxc5 21. dxc5 Nd7 22. a3 Nc6 23. b4 a5 24. Bd2 a4 25. Bc3 h6 26. Nd2 d4 27.
Nxc4 bxc4 28. b5 (28. Bd2) 28... dxc3 29. bxc6 Rxc6 30. Ba2 Rxc5 31. Rac1 Nxe5
32. Rxc3 O-O 33. Rec1 Rb8 34. Kf1 Rd8 35. Ke2 Nd3 36. R1c2 Re5+ 0-1

[Event "Mechanics' Winter TNM; G/2"]
[Site "San Francisco"]
[Date "2017.02.21"]
[Round "8.27"]
[White "Eastham, Asher Dan"]
[Black "James, Charles"]
[Result "1-0"]
[WhiteElo "1566"]
[BlackElo "1435"]
[Annotator "Donaldson"]
[PlyCount "55"]
[EventDate "2017.??.??"]

1. e4 d5 2. exd5 Qxd5 3. Nc3 Qd8 4. d4 Nf6 5. Nf3 Bg4 6. Be2 e6 7. O-O Nbd7 8.
Bf4 c6 9. a3 Nh5 10. Qd2 Nxf4 11. Qxf4 Nf6 12. Ne4 Be7 $4 (12... Bxf3) (12...
Bf5) 13. Nxf6+ gxf6 14. Qxg4 Qc7 15. b4 O-O-O 16. c4 h5 17. Qe4 f5 18. Qe3 Bd6
19. d5 c5 20. dxe6 Rde8 21. h3 Rxe6 22. Qc3 Rg8 23. Bd3 Be5 24. Nxe5 Rxe5 25.
Rfe1 f6 26. Rxe5 fxe5 27. Bxf5+ Kb8 28. Re1 1-0

[Event "Mechanics' Winter TNM; G/2"]
[Site "San Francisco"]
[Date "2017.02.07"]
[Round "6.26"]
[White "Eastham, Asher Dan"]
[Black "Kuczek, Kevin W"]
[Result "1/2-1/2"]
[WhiteElo "1566"]
[BlackElo "1799"]
[PlyCount "118"]
[EventDate "2017.??.??"]

1. e4 e5 2. Nf3 Nc6 3. Bc4 Bc5 4. c3 Nf6 5. d4 exd4 6. cxd4 Bb4+ 7. Bd2 Nxe4 8.
Bxb4 Nxb4 9. Bxf7+ Kxf7 10. Qb3+ d5 11. Ne5+ Ke6 12. Qxb4 Qd6 13. Qxd6+ Nxd6
14. Nc3 c6 15. Rc1 Re8 16. O-O Kf6 17. b3 Bf5 18. a3 Re7 19. Rfe1 Rae8 20. Kf1
g5 21. h3 Nf7 22. Ng4+ Kg6 23. Ne3 Bd3+ 24. Kg1 Nd6 25. Rcd1 Ba6 26. Nc2 Rxe1+
27. Rxe1 Rxe1+ 28. Nxe1 Nb5 29. Nxb5 Bxb5 30. Nf3 h6 31. Ne5+ Kf5 32. f3 c5 33.
Nf7 Ke6 34. Nd8+ Kd7 35. Nxb7 cxd4 36. Kf2 Ke6 37. a4 Be8 38. Nc5+ Kd6 39. b4
Bc6 40. Ke2 a5 41. Kd3 axb4 42. Kxd4 b3 43. Nxb3 Bxa4 44. Nc5 Bb5 45. g3 Bc4
46. Nd3 Bxd3 47. Kxd3 Ke5 48. Ke3 h5 49. Kd3 h4 50. gxh4 gxh4 51. Ke3 d4+ 52.
Kd3 Kf4 53. Kxd4 Kxf3 54. Kd3 Kg3 55. Ke3 Kxh3 56. Kf3 Kh2 57. Kf2 Kh1 58. Kf1
h3 59. Kf2 h2 1/2-1/2

[Event "Mechanics' Winter TNM; G/2"]
[Site "San Francisco"]
[Date "2017.01.03"]
[Round "1.5"]
[White "Eastham, Asher Dan"]
[Black "Thornally, Frank"]
[Result "0-1"]
[WhiteElo "1566"]
[BlackElo "2200"]
[PlyCount "64"]
[EventDate "2017.??.??"]

1. e4 e5 2. Nf3 Nc6 3. Bc4 Nf6 4. d3 Be7 5. O-O O-O 6. Re1 d6 7. h3 Na5 8. Nc3
Nxc4 9. dxc4 Be6 10. b3 Nd7 11. Be3 Kh8 12. Qd2 f5 13. Ng5 Bxg5 14. Bxg5 Qe8
15. exf5 Rxf5 16. Nb5 Qc8 17. Nd4 exd4 18. Rxe6 Ne5 19. Re7 Ng6 20. Re4 c5 21.
Rae1 Qc6 22. Bh4 Re5 23. Rxe5 dxe5 24. Bg3 e4 25. Qe2 Re8 26. f3 e3 27. Qd3 Qf6
28. Kh1 Qg5 29. Kh2 h5 30. Bf2 Nf4 31. Qf1 h4 32. Kh1 Re6 0-1

[Event "Mechanics' Peter Grey TNM; G/2 d5"]
[Site "San Francisco"]
[Date "2017.10.03"]
[Round "9.26"]
[White "Ebert, John"]
[Black "Melville, Cailen"]
[Result "0-1"]
[WhiteElo "1832"]
[BlackElo "1772"]
[Annotator "Donaldson"]
[PlyCount "46"]
[EventDate "2017.??.??"]

1. d4 e6 2. c4 b6 3. Nc3 Bb7 4. Nf3 f5 5. d5 Nf6 6. dxe6 Qe7 7. exd7+ Nbxd7 8.
Bg5 O-O-O 9. Qc2 g6 10. O-O-O Bg7 11. Nd5 Qc5 12. b4 Qf8 13. Bf4 Nxd5 14. cxd5
Kb8 15. Bxc7+ Ka8 16. Bxd8 {Diagram [#]} (16. d6 $1) 16... Qxb4 $1 17. e3 Rxd8
18. Qb3 Rc8+ 19. Kb1 Qa5 20. Be2 Nc5 21. Qb5 Qa3 22. Bd3 Nxd3 23. Rxd3 Ba6 0-1

[Event "Mechanics' Fall TNM; G/2 d5"]
[Site "San Francisco"]
[Date "2017.12.19"]
[Round "9.7"]
[White "Ebert, John"]
[Black "Ricard, Bruce"]
[Result "1-0"]
[WhiteElo "1813"]
[BlackElo "1804"]
[PlyCount "51"]
[EventDate "2017.??.??"]

1. d4 d5 2. c4 c6 3. Nc3 Nf6 4. Nf3 e6 5. e3 Nbd7 6. Bd3 dxc4 7. Bxc4 b5 8. Bd3
a6 9. O-O c5 10. a4 b4 11. Ne4 Bb7 12. Nxf6+ Nxf6 13. Re1 Be7 14. b3 cxd4 15.
exd4 O-O 16. Bg5 h6 17. Bxf6 Bxf6 18. Ne5 Rc8 19. Bc4 Re8 20. Qh5 Bxe5 21. Qxe5
Qc7 22. Qxc7 Rxc7 23. d5 e5 24. f3 Rd7 25. Rad1 a5 $4 26. Bb5 1-0

[Event "Mechanics' Spring TNM; G/2"]
[Site "San Francisco"]
[Date "2017.04.11"]
[Round "5.37"]
[White "Enkh, Tergelsar"]
[Black "Agdamag, Samuel"]
[Result "0-1"]
[WhiteElo "1447"]
[BlackElo "1503"]
[PlyCount "64"]
[EventDate "2017.??.??"]

1. e4 c6 2. d4 d5 3. Nc3 dxe4 4. Nxe4 Bf5 5. Ng3 Bg6 6. Nf3 Nf6 7. Bd3 Bxd3 8.
Qxd3 Qa5+ 9. Bd2 Qa6 10. Qxa6 Nxa6 11. O-O e6 12. a3 Bd6 13. Rfe1 h6 14. Ne4
Nxe4 15. Rxe4 Nc7 16. c4 O-O-O 17. Rd1 Rd7 18. Re2 Rhd8 19. Be3 Ne8 20. Red2
Kb8 21. d5 exd5 22. cxd5 cxd5 23. Rxd5 Bxh2+ 24. Kxh2 Rxd5 25. Bf4+ Ka8 26.
Rxd5 Rxd5 27. Ne5 f6 28. Nf3 Nd6 29. Nd2 g5 30. Be3 Nf5 31. Nc4 Nxe3 32. Nxe3
Rd2 0-1

[Event "Mechanics' Peter Grey TNM; G/2 d5"]
[Site "San Francisco"]
[Date "2017.09.05"]
[Round "5.18"]
[White "Enkh, Tergelsar"]
[Black "Babayan, Gagik"]
[Result "0-1"]
[WhiteElo "1404"]
[BlackElo "1813"]
[Annotator "Donaldson"]
[PlyCount "88"]
[EventDate "2017.??.??"]

1. e4 c5 2. Nf3 d6 3. Bc4 e6 4. d4 cxd4 5. Nxd4 Nf6 6. Nc3 a6 7. Be3 Be7 8. f3
Qc7 9. Bb3 Nc6 10. Nxc6 bxc6 11. O-O O-O 12. Qd2 Bb7 13. Ne2 c5 14. c4 a5 15.
a4 Bc6 16. Rfd1 Rfd8 17. Nc3 Qb7 18. Qc2 Rab8 19. Ra3 e5 20. Nd5 Bxd5 21. cxd5
Rdc8 22. Rc1 Nd7 23. Bd2 Bd8 24. Rb1 Qa7 25. Be3 Bb6 26. Bc4 Bd8 27. b3 Rc7 28.
Ra2 h6 29. g3 Qb6 30. Kg2 Bg5 31. Bxg5 (31. Bf2) 31... hxg5 32. Qc3 (32. Bb5)
32... Qb4 33. Qxb4 Rxb4 34. Bb5 Nb6 35. g4 Na8 36. Bc4 Kf8 37. Kg3 g6 38. h4
gxh4+ 39. Kxh4 Kg7 40. g5 Nb6 41. Bb5 {Diagram [#]} Rd4 (41... Nxd5 $1) 42. Kg4
$2 (42. Kg3 $11) 42... Rc8 (42... Nxd5) 43. Rf2 $2 (43. Kg3) 43... Nxd5 44. Bc4
Ne3+ 0-1

[Event "Mechanics' Peter Grey TNM; G/2 d5"]
[Site "San Francisco"]
[Date "2017.09.26"]
[Round "8.40"]
[White "Enkh, Tergelsar"]
[Black "Cowgill, Jackie"]
[Result "1-0"]
[WhiteElo "1404"]
[BlackElo "925"]
[PlyCount "92"]
[EventDate "2017.??.??"]

1. e4 e5 2. Nf3 Nc6 3. Bb5 a6 4. Ba4 Nf6 5. O-O Be7 6. Re1 b5 7. Bb3 O-O 8. c3
d6 9. h3 Na5 10. Bc2 c5 11. d4 Qc7 12. d5 c4 13. Be3 Nb7 14. Nbd2 a5 15. a4 Bd7
16. axb5 Bxb5 17. Ba4 Ba6 18. Bc6 Rad8 19. Qc2 Nc5 20. Bxc5 dxc5 21. Qa4 Rb8
22. Ra2 Bd6 23. Nxc4 Bxc4 24. Qxc4 Nd7 25. Bxd7 Qxd7 26. Nd2 f5 27. Qa4 Qf7 28.
c4 fxe4 29. Nxe4 Rb4 30. Qc2 Qe7 31. Rxa5 Rbb8 32. Ra6 Rbd8 33. Rc6 Bc7 34. Rd1
Bd6 35. b3 g5 36. b4 g4 37. hxg4 Qh4 38. Nxd6 Rf6 39. Nf5 Qxg4 40. Rxf6 Qg5 41.
Re6 Kh8 42. bxc5 Rg8 43. Ng3 Rf8 44. Ne4 Qh4 45. Nf6 Rxf6 46. Rxf6 Qxf6 1-0

[Event "Mechanics' Summer TNM; G/2 d5"]
[Site "San Francisco"]
[Date "2017.05.30"]
[Round "2.26"]
[White "Enkh, Tergelsar"]
[Black "Drane, Robert W"]
[Result "0-1"]
[WhiteElo "1414"]
[BlackElo "1850"]
[Annotator "Donaldson"]
[PlyCount "68"]
[EventDate "2017.??.??"]

1. e4 Nf6 2. Nc3 d5 3. e5 Ne4 4. d4 Nxc3 5. bxc3 c5 6. Nf3 Nc6 7. Be3 Bg4 8. h3
Bh5 9. Be2 (9. e6) 9... e6 10. O-O Be7 11. Qd2 h6 12. Rab1 Qc7 13. Rfd1 c4 14.
Re1 a6 15. Nh2 Bg6 16. Ng4 Kd7 17. f4 h5 18. Nf2 h4 19. Bg4 b5 20. Rf1 Ba3 21.
Qe2 Ne7 22. Bc1 Qa5 23. Nd1 Nf5 24. Bxf5 Bxf5 25. Qd2 Be7 26. Ra1 Rab8 27. Ne3
g6 28. Nxf5 gxf5 29. Qe3 Rhg8 30. Kh2 Rg3 31. Rf3 Rbg8 32. Rxg3 Rxg3 33. Qe1
Qxc3 34. Qxc3 Rxc3 0-1

[Event "Mechanics' Winter TNM; G/2"]
[Site "San Francisco"]
[Date "2017.01.10"]
[Round "2.18"]
[White "Enkh, Tergelsar"]
[Black "Fuentes, Romulo C"]
[Result "0-1"]
[WhiteElo "1466"]
[BlackElo "2200"]
[PlyCount "64"]
[EventDate "2017.??.??"]

1. e4 c5 2. Nf3 d6 3. d4 cxd4 4. Nxd4 Nf6 5. Nc3 a6 6. Be3 e5 7. Nb3 Be6 8. Be2
Nbd7 9. O-O b5 10. Qd2 $2 b4 11. Nd5 Nxe4 12. Qd3 Bxd5 13. Qxd5 Nef6 14. Qd3
Be7 15. f4 O-O 16. Bf3 e4 17. Bxe4 Nxe4 18. Qxe4 a5 19. Rac1 Re8 20. Qd3 Bf6
21. Bd4 a4 22. Nd2 Nc5 23. Bxc5 dxc5 24. Qxd8 Raxd8 25. Nc4 Rd4 26. b3 Kf8 27.
Rcd1 Re2 28. Rc1 h5 29. Rf2 Rxf2 30. Kxf2 Rxf4+ 31. Kg3 Rd4 32. Re1 Bh4+ 0-1

[Event "Mechanics' Spring TNM; G/2"]
[Site "San Francisco"]
[Date "2017.04.25"]
[Round "7.33"]
[White "Enkh, Tergelsar"]
[Black "Lesquillier, Walter"]
[Result "0-1"]
[WhiteElo "1447"]
[BlackElo "1720"]
[PlyCount "30"]
[EventDate "2017.??.??"]

1. e4 g6 2. d4 Bg7 3. Nf3 Nf6 4. Nc3 O-O 5. Bc4 d6 6. h3 c6 7. O-O d5 8. exd5
cxd5 9. Bd3 Nc6 10. Re1 a6 11. Ne2 Ne4 12. Bxe4 dxe4 13. Nh2 Nxd4 14. Nxd4 Bxd4
15. Rxe4 Bxf2+ 0-1

[Event "Mechanics' Peter Grey TNM; G/2 d5"]
[Site "San Francisco"]
[Date "2017.08.22"]
[Round "3.31"]
[White "Enkh, Tergelsar"]
[Black "Mays, Jerry L"]
[Result "1/2-1/2"]
[WhiteElo "1404"]
[BlackElo "1741"]
[Annotator "Donaldson"]
[PlyCount "34"]
[EventDate "2017.??.??"]

1. e4 e5 2. Nf3 Nc6 3. Bb5 a6 4. Ba4 Nf6 5. O-O Be7 6. Re1 b5 7. Bb3 O-O 8. c3
d5 9. exd5 Nxd5 10. Nxe5 Nxe5 11. Rxe5 c6 12. Bxd5 cxd5 13. d4 Bd6 14. Re1 Qh4
15. h3 {Diagram [#]} (15. g3) 15... Bxh3 16. gxh3 Qxh3 17. Be3 Bh2+ (17... Bh2+
18. Kh1 Rae8 {wins as White is defenseless.}) 1/2-1/2

[Event "Mechanics' Summer TNM; G/2 d5"]
[Site "San Francisco"]
[Date "2017.06.27"]
[Round "6.29"]
[White "Enkh, Tergelsar"]
[Black "Than, Maung Nyunt"]
[Result "0-1"]
[WhiteElo "1414"]
[BlackElo "1175"]
[Annotator "Winslow"]
[PlyCount "78"]
[EventDate "2017.??.??"]

1. e4 c5 2. Nf3 Nc6 3. d4 cxd4 4. Nxd4 g6 5. Nc3 Bg7 6. Be3 Nf6 7. Be2 O-O 8.
O-O Re8 9. Qd2 d6 10. f3 Bd7 11. Rfd1 a6 {Black has done very well from this
position with White to move. (Interestingly he's done much worse *on* move,
two draws.) But after White's next, a familiar blunder to Dragon players...}
12. Bh6 $4 Nxd4 13. Bxg7 Nxe2+ 14. Qxe2 Kxg7 15. Qe3 Qb8 16. Ne2 Qa7 17. Qxa7
Rxa7 18. Rac1 Rc8 19. Nf4 b5 20. Nd5 Nxd5 21. Rxd5 Be6 22. Rdd1 Rac7 23. c3
Bxa2 24. Ra1 Bb3 25. Rd4 Ra8 26. Kf2 Rc4 27. Ra3 Rxd4 28. cxd4 Be6 29. Ke3 Ra7
30. d5 Bd7 31. b3 b4 32. Ra2 Kf6 33. Rc2 a5 34. Ra2 a4 35. bxa4 Rxa4 36. Rxa4
Bxa4 37. Kd3 b3 38. Kc3 Ke5 39. h3 f5 0-1

[Event "Mechanics' Spring TNM; G/2"]
[Site "San Francisco"]
[Date "2017.03.28"]
[Round "3.35"]
[White "Enkh, Tergelsar"]
[Black "Yanofsky, Kevin"]
[Result "0-1"]
[WhiteElo "1447"]
[BlackElo "1642"]
[Annotator "Winslow,E"]
[PlyCount "78"]
[EventDate "2017.??.??"]

1. e4 c5 2. Nf3 g6 3. d4 cxd4 4. Nxd4 Nc6 5. Nb3 Bg7 6. Nc3 Nf6 7. Bd3 (7. Be2)
7... d5 8. exd5 Nxd5 9. Bd2 O-O 10. O-O Nxc3 11. Bxc3 Bxc3 12. bxc3 Be6 13. Re1
Qd6 14. Qe2 Rac8 15. Rad1 Qa3 16. Qe3 a6 (16... Rfd8) 17. Nc5 Qxa2 (17... Nd8
$11) 18. Nxe6 Qxe6 19. Qxe6 fxe6 20. Rxe6 Rfd8 21. Rb1 Rd7 22. f4 Na5 (22...
Nd8 $1) 23. c4 $2 (23. f5 $1) 23... Nxc4 24. Rbe1 Kf8 25. f5 g5 26. f6 (26. Rh6
Nb2 27. Be4 $11) 26... exf6 27. Rxf6+ Kg7 (27... Rf7) 28. Rf3 Rc5 29. Rf5 Rxf5
30. Bxf5 Rc7 31. Bd3 b5 32. Re6 a5 33. Bxc4 Rxc4 34. Re5 b4 35. Rxg5+ Kf6 36.
Rxa5 Rxc2 {Diagram #} 37. Ra1 $4 {
Basic endgame principle: Rooks belong behind enemy passed pawns!} (37. Rb5 $1 {
draws.}) 37... b3 {
Not to mention that a minor calculation shows that Black queens by force.} 38.
h3 b2 39. Rb1 Rc1+ 0-1

[Event "Mechanics' Winter TNM; G/2"]
[Site "San Francisco"]
[Date "2017.01.10"]
[Round "2.42"]
[White "Erdenebileg, Dasheveg"]
[Black "Fallon, Kevin R"]
[Result "0-1"]
[WhiteElo "1042"]
[BlackElo "830"]
[PlyCount "69"]
[EventDate "2017.??.??"]

1. e4 e6 2. Nc3 d5 3. d3 c5 4. exd5 exd5 5. Qe2+ Be6 6. g3 Nf6 7. Bh3 Qd7 8.
Nf3 h6 9. O-O Be7 10. Bxe6 Qxe6 11. Qxe6 fxe6 12. Nb5 Na6 13. Re1 O-O 14. Rxe6
Bd8 15. c3 Ng4 16. h3 Rxf3 17. hxg4 Nc7 18. Nxc7 Bxc7 19. d4 Raf8 20. Re2 c4
21. Be3 Re8 22. Rae1 Re4 23. Kg2 Rf7 24. Kh3 g5 25. Kg2 Rxg4 26. Bd2 h5 27.
Re8+ Rf8 28. Rxf8+ Kxf8 29. Rh1 h4 30. Kf3 Re4 31. Bxg5 hxg3 32. fxg3 Kg7 33.
Rh4 Re6 34. Bf4 Rf6 35. Rh5 {
White is winning but eventually lost. The remaining moves are unavailable.} 0-1

[Event "Mechanics' Peter Grey TNM; G/2 d5"]
[Site "San Francisco"]
[Date "2017.09.19"]
[Round "7.39"]
[White "Erdenebileg, Dashz"]
[Black "Baer, Michael Alan"]
[Result "1/2-1/2"]
[WhiteElo "991"]
[BlackElo "1354"]
[PlyCount "76"]
[EventDate "2017.??.??"]

1. e4 c5 2. Bc4 g6 3. d3 Bg7 4. Ne2 Nc6 5. c3 e6 6. Be3 b6 7. d4 cxd4 8. Nxd4
Nge7 9. b4 O-O 10. O-O Bb7 11. Bg5 Qc8 12. Nxc6 Nxc6 13. Qd2 Ne5 14. Bd3 Nxd3
15. Qxd3 Qc6 16. f3 Rac8 17. Rc1 h6 18. Be3 d6 19. Qd2 Kh7 20. Bd4 e5 21. Be3
f5 22. exf5 Rxf5 23. a3 Qc7 24. Ra2 Rcf8 25. Qd3 Qe7 26. Rf2 d5 27. a4 e4 28.
fxe4 Rxf2 29. Bxf2 Qxe4 30. Qxe4 dxe4 31. Rd1 Rf7 32. Be3 Re7 33. c4 Bc6 34. b5
Be8 35. Rd8 h5 36. Kf2 Bh6 37. Bxh6 Kxh6 38. Ke3 Bd7 {
The game was later drawn. Remaining moves unavailable.} 1/2-1/2